माकर्स प्रेमचंद, प्रसाद, मुक्तिबोध/ (Record no. 66972)
[ view plain ]
| 000 -LEADER | |
|---|---|
| fixed length control field | 00810nam a22001457a 4500 |
| 005 - DATE AND TIME OF LATEST TRANSACTION | |
| control field | 20120521151528.0 |
| 020 ## - INTERNATIONAL STANDARD BOOK NUMBER | |
| International Standard Book Number | 9788192004907 |
| Terms of availability | 1295.00 |
| 100 ## - MAIN ENTRY--PERSONAL NAME | |
| Personal name | गौतम, सुरेश |
| 245 ## - TITLE STATEMENT | |
| Title | माकर्स प्रेमचंद, प्रसाद, मुक्तिबोध/ |
| Remainder of title | वामपंथी नरकुंड, आदमखोर यथार्थ: |
| Statement of responsibility, etc | सुरेश गौतम |
| 260 ## - PUBLICATION, DISTRIBUTION, ETC. (IMPRINT) | |
| Place of publication, distribution, etc | दिल्ली |
| Name of publisher, distributor, etc | दिव्यम प्रकाशन |
| Date of publication, distribution, etc | 2012 |
| 270 ## - ADDRESS | |
| Address | 4806/24, भरतराम रोड, दरियागंज |
| City | नई दिल्ली |
| Postal code | 110003 |
| 300 ## - PHYSICAL DESCRIPTION | |
| Extent | 508 पृ. |
| Dimensions | 22 सें.मी. (सजिल्द) |
| 942 ## - ADDED ENTRY ELEMENTS (KOHA) | |
| Source of classification or shelving scheme | Dewey Decimal Classification |
| Item type | Hindi Books |
| Call number suffix | गौतम |
| Withdrawn status | Lost status | Not for loan | Home library | Current library | Date acquired | Cost, normal purchase price | Full call number | Cost, replacement price | Koha item type |
|---|---|---|---|---|---|---|---|---|---|
| Andrews Gunj | Andrews Gunj | 21/05/2012 | 1295.00 | गौतम | 1295.00 | Hindi Books |
